000 00303nam a22001337a 4500
008 170418b xxu||||| |||| 00| 0 eng d
020 _a9780323030656
041 _aeng
080 _212 ED
_a579
100 _a11
101 _aSHM
245 _aDIAGNOSTIC MICROBIOLOGY
_cFORBES.B.A
942 _2udc
_cBK
999 _c11052
_d11052